| 000 | 00972cam a2200253 4500 | ||
|---|---|---|---|
| 008 | 000000n2000 000 0 eng u | ||
| 020 | _a1859785980 | ||
| 035 | _a(Sirsi) u106510 | ||
| 050 | _a346.4104343 | ||
| 100 | _aMerkin, Robert | ||
| 245 | _aPrivity of contract : the impact of the Contracts (Rights of Third Parties) Act 1999. | ||
| 260 |
_aLondon _bLLP Professional Publishing _c2000 |
||
| 300 | _axxxii, 517p. ; 25cm. | ||
| 350 | _a160.00 | ||
| 520 | _aA guide to how the Contracts (Rights of Third Parties) Act 1999 will work. Includes contributions from leading specialists and advice on how the act will operate and how, if required, its effects can be avoided. | ||
| 650 |
_aContracts _96232 |
||
| 650 | _aCONTRACTS (RIGHTS OF THIRD PARTIES) ACT 1999 | ||
| 650 | _aBUILT ENVIRONMENT-BUILDING CONTRACT FORMS | ||
| 650 | _aTHIRD PARTY RIGHTS | ||
| 650 | _aPROFESSIONAL NEGLIGENCE | ||
| 650 |
_aInsurance _96249 |
||
| 690 | _aLAW | ||
| 942 | _n0 | ||
| 999 |
_c100562 _d100562 |
||